000 00421nam a2200169Ia 4500
003 GCL
008 140319s9999 xx 000 0 eng d
040 _aGCL /
_cGCL
082 0 4 _a745.4
_bJ A
100 1 _aJEWELL, REBECCA
245 1 0 _aAFRICAN DESIGNS /
_cJEWELL, REBECCA
260 _a[S.N] :
_bBRITISH MUSEUM PRESS ،
_c1994
300 _a100
650 0 4 _aPATTERNS
650 0 4 _aAFRICAN DESIGNS
942 _2ddc
_cBK
999 _c24152
_d24152